000 01152nam a2200289 a 4500
001 34297
003 BD-RjUL
005 20211209052134.0
008 140515s1938 nz a 00000 eng d
035 _a(BD-RjUL)34391
040 _aNZOC
_beng
_cNZOC
_dNZOC
_dBD-RjUL
041 _aeng
082 0 4 _a309.1931
_bSOL 1938
100 1 _aSomerset, H. C. D.
_q(Hugh Crawford Dixon),
_d1895-1968.
_9104271
245 1 0 _aLittledene :
_ba New Zealand rural community /
_cby H.C.D. Somerset.
260 _aWellington :
_bNew Zealand Council for Educational Research,
_c1938.
_e(Auckland:
_fWhitcombe & Tombs)
300 _aviii, 102 p. :
_bill. ;
_c22 cm.
490 1 _aEducational research series / New Zealand Council for Educational Research ;
_vno. 5
650 0 _aEducation
_zNew Zealand.
_910124
650 0 _aSocial surveys
_zNew Zealand
_zLittledene.
_9104272
651 0 _aNew Zealand
_xSocial conditions.
_98453
651 0 _aNew Zealand
_xEconomic conditions.
_98452
830 0 _vno. 5.
_9104280
710 2 _aNew Zealand Council for Educational Research.
_9104274
830 0 _aEducational research series (Wellington, N.Z.) ;
_9104281
942 _2ddc
_cBK
999 _c34297
_d34297